000 01482nam a22002777a 4500
001 EPSA 0282
003 gtcocun
005 20250918172115.0
006 a||||gr|||| 00| 0
007 ta
008 250918b2024 gt ||||| m||| 00| 0 eng d
040 _agtcocun
_bSPA
_cgtcocun
_eRDA
041 _aSPA EPSA 0282
084 _0EPSA 0282
100 _aJalal López, Jerson Everaldo
_eAutor
245 _aINFORME FINAL DEL EJERCICIO PROFESIONAL SUPERVISADO, REALIZADO EN LA ENTIDAD ESTACIÓN DE SERVICIO MOVI S.A. SANTA CRUZ, ALTA VERAPAZ/
_cJerson Everaldo Jalal López.
_hImpreso
264 _aCobán, Alta Verapaz:
_bUniversidad de San Carlos de Guatemala, Centro Universitario del Norte, Licenciatura en Administración de Empresas
_c2024
300 _a72 p.:
_bIlustraciones, gráficas.
_c28 cm;
502 _eEPSA 0282
502 _aEjercicio Profesional Supervisado
_bLicenciatura en Administración de Empresas,
_cUniversidad de San Carlos de Guatemala, Centro Universitario del Norte, Licenciatura en Administración de Empresas
_d2024
_oEPSA 0282
650 1 4 _2LEMB
_aSanta Cruz, Alta Verapaz
_xAdministración
_xManuales y procedimientos
_xCalidad de servicio
_xSituación administrativa
_xEficiencia operativa
_xEstructura Organizativa
_xAnálisis Integral
700 _aLcda. Gloria Isabel Contreras Pop
_eAsesor
856 _uSin archivo en línea
_zSin archivo en línea.
942 _2ddc
_cTES
_iEPSA 0282
_kClasificación
_n0
_6EPSA_0282_000000000000000
999 _c1943
_d1943